Office of the Deputy Prime Minister (Record no. 105265)
[ view plain ]
| 000 -LEADER | |
|---|---|
| fixed length control field | 01274cam a2200193 4500 |
| 001 - CONTROL NUMBER | |
| control field | ##L132870 |
| 008 - FIXED-LENGTH DATA ELEMENTS--GENERAL INFORMATION | |
| fixed length control field | 060315n2006 000 0 eng u |
| 035 ## - SYSTEM CONTROL NUMBER | |
| System control number | (Sirsi) u132870 |
| 041 0# - LANGUAGE CODE | |
| Language code of text/sound track or separate title | eng |
| 050 04 - LIBRARY OF CONGRESS CALL NUMBER | |
| Classification number | 711.52 $2 18 |
| 110 1# - MAIN ENTRY--CORPORATE NAME | |
| Corporate name or jurisdiction name as entry element | United Kingdom |
| Subordinate unit | National Audit Office |
| 9 (RLIN) | 1350 |
| 245 00 - TITLE STATEMENT | |
| Title | Office of the Deputy Prime Minister |
| Remainder of title | enhancing urban green space |
| 260 ## - PUBLICATION, DISTRIBUTION, ETC. | |
| Place of publication, distribution, etc. | London |
| Name of publisher, distributor, etc. | TSO |
| Date of publication, distribution, etc. | 2006 |
| 520 ## - SUMMARY, ETC. | |
| Summary, etc. | This report covers the improvement in the quality of urban green space, which includes urban squares, parks, green corridors and nature reserves, its financial management and its planning. Confirms that the decline in urban green space quality in England has been halted in most areas with signs of recovery evident in many places. ODPM-led initiatives have helped to reverse the decline in green space quality in many urban neighbourhoods. Greater priority for green space investment and new funding from government and the national lottery have enabled local authorities, public bodies and over 4 000 communities to refurbish and renew green spaces. |
| 590 ## - LOCAL NOTE (RLIN) | |
| Local note | IKA280306 |
| 690 ## - LOCAL SUBJECT ADDED ENTRY--TOPICAL TERM (OCLC, RLIN) | |
| Topical term or geographic name as entry element | PROPERTY-PROPERTY MANAGEMENT-REGENERATION |
| 856 40 - ELECTRONIC LOCATION AND ACCESS | |
| Uniform Resource Identifier | <a href="https://www.nao.org.uk/pn/05-06/0506935.htm">https://www.nao.org.uk/pn/05-06/0506935.htm</a> |
| Public note | View the report free of charge at www.nao.org.uk... |
| 942 ## - ADDED ENTRY ELEMENTS (KOHA) | |
| Suppress in OPAC | 0 |
| Withdrawn status | Lost status | Source of classification or shelving scheme | Damaged status | Not for loan | Home library | Current library | Shelving location | Date acquired | Total Checkouts | Full call number | Barcode | Date last seen | Copy number | Price effective from | Koha item type |
|---|---|---|---|---|---|---|---|---|---|---|---|---|---|---|---|
| Dewey Decimal Classification | Virtual | Virtual | Online | 15/03/2006 | ONLINE PUBLICATION | 132870-2001 | 06/08/2019 | 1 | 06/08/2019 | Book |